|
|
|
|
| LEADER |
00000cam a2200000 cc4500 |
| 001 |
1522019588 |
| 003 |
DE-627 |
| 005 |
20220603164556.0 |
| 007 |
tu |
| 008 |
151116s1986 xx ||||| 00| ||eng c |
| 035 |
|
|
|a (DE-627)1522019588
|
| 035 |
|
|
|a (DE-576)452019583
|
| 035 |
|
|
|a (DE-599)BSZ452019583
|
| 040 |
|
|
|a DE-627
|b ger
|c DE-627
|e rda
|
| 041 |
|
|
|a eng
|
| 245 |
0 |
0 |
|a Crime prevention and criminal justice newsletter
|n number 12 and 13
|
| 264 |
|
1 |
|c November 1986
|
| 336 |
|
|
|a Text
|b txt
|2 rdacontent
|
| 337 |
|
|
|a ohne Hilfsmittel zu benutzen
|b n
|2 rdamedia
|
| 338 |
|
|
|a Band
|b nc
|2 rdacarrier
|
| 773 |
1 |
8 |
|a Crime prevention and criminal justice newsletter
|w (DE-627)171202910
|w (DE-576)038504626
|w (DE-600)1164955-0
|g number 12 and 13
|q 1986,12
|7 nnas
|
| 935 |
|
|
|h SWB
|i vSatz
|
| 951 |
|
|
|a JV
|
| ELC |
|
|
|b 1
|
| LOK |
|
|
|0 000 xxxxxcx a22 zn 4500
|
| LOK |
|
|
|0 001 2873338970
|
| LOK |
|
|
|0 003 DE-627
|
| LOK |
|
|
|0 004 1522019588
|
| LOK |
|
|
|0 005 20151116140143
|
| LOK |
|
|
|0 008 150728||||||||||||||||ger|||||||
|
| LOK |
|
|
|0 035
|a (DE-21-110)kd2016
|
| LOK |
|
|
|0 040
|a DE-21-110
|c DE-627
|d DE-21-110
|
| LOK |
|
|
|0 689
|a s
|a Todesstrafe
|
| LOK |
|
|
|0 852
|z Kein Bestand am IfK; Nachweis für KrimDok
|
| LOK |
|
|
|0 852
|a DE-21-110
|
| LOK |
|
|
|0 852 1
|9 00
|
| LOK |
|
|
|0 935
|a k110
|
| LOK |
|
|
|0 939
|a 28-07-15
|b l01
|
| ORI |
|
|
|a SA-MARC-krimdoka001.raw
|